The Santa Clause - Characters by Picture - Statistics

General Stats
  • This quiz has been taken 24 times
  • The average score is 12 of 44
Answer Stats
Picture Answer % Correct
Scott Calvin / Santa Claus
88%
Dr. Neil Miller
81%
Charlie Calvin
75%
Bernard
69%
Easter Bunny
63%
Jack Frost
63%
Laura Miller
63%
Judy
56%
Mother Nature
56%
Sandman
56%
Tooth Fairy
50%
Cupid
44%
Father Time
44%
Comet
38%
Lucy Miller
38%
Principal Carol Newman / Mrs. Claus
38%
Bud Newman
31%
Judy
31%
Peyton Manning
31%
Chet
25%
Curtis
25%
Buddy 'Cal' Calvin-Claus
19%
Dr. Pete Novos
13%
E.L.F.S. Leader
13%
Krampus
13%
Mr. Whittle
13%
Sandra Calvin-Claus
13%
Sara
13%
Simon Choksi
13%
Sylvia Newman
13%
Betty
6%
Crouton
6%
Fireman O'Hara
6%
Grace Choksi
6%
La Befana
6%
Ms. Daniels
6%
Noel
6%
Susan Perry
6%
Trish
6%
Abby
0%
Detective Nunzio
0%
Principal Compton
0%
Santa Claus 17
0%
Tracy
0%
No matching quizzes found
Score Distribution
Percent of People with Each Score
Percentile by Number Answered
Your Score History
You have not taken this quiz